1310 1094 1120 1312 1308 1527 1811 1181 1892 1107 1101 1961 1340 1793 1834 1713 1648 1926 1134 1362 1249 1363 1222 1085 1837 1818 1633 1805 1643 1250 1354 1619 1769 1770 1783 1346 1020 1090 1254 1356 1369 1027 1952 1976 1430 1070 1187 1786 1234 1861 1687 1047 1916 1951 1314 1259 1479 1686 1120 1026 1887 1335 1786 1031 1677 1036 1098 1071 1222 1184 1327 1220 1732 1238 1568 1402 1361 1529 1858 1166 1452 1898 1286 1566 1991 1045 1194 1125 1172 1777 1629 1194 1916 1135 1283 1308 1504 1286 1175 BCNSPRNW ULIB Ver.6.0+V

เปลี่ยนเป็นภาษาไทย

Change to English
 แสดงรายละเอียดบรรณานุกรม
  กลับหน้าหลัก

Brief Record : Get Marc (ISO 2709) : E-mail record : QR code < ปิดหน้าต่าง
LEADER : 00000nam 2200000uu 4500
001    13399121545
003     ULIB
008    121122s2548||||th 000 0 tha d
020    ^a9749508351
060 04 ^aWW100^bต367
245 00 ^aตำราจักษุวิทยา /^cโดย สาขาวิชาจักษุวิทยา คณะแพทยศาสตร์มหาวิทยาลัยธรรมศาสตร์ ; บรรณาธิการ, ศักดิ์ชัย วงศกิตติรักษ์, โกศล คำพิทักษ์
250    ^aพิมพ์ครั้งที่ 1
260    ^aกรุงเทพฯ :^bหมอชาวบ้าน,^c2548
300    ^a(4), 175 หน้า :^bภาพประกอบ (สีบางภาพ) ;^c27 ซม.
504    ^aบรรณานุกรม
650  2 ^aOphthalmology
650  7 ^aจักษุวิทยา
700 0  ^aศักดิ์ชัย วงศกิตติรักษ์,^eบรรณาธิการ
700 0  ^aโกศล คำพิทักษ์,^eบรรณาธิการ
710 2  ^aมหาวิทยาลัยธรรมศาสตร์. ^bคณะแพทยศาสตร์.^bสาขาวิชาจักษุวิทยา.
945    ^p300^l0^i24732
945    ^p300^l0^i24027
995    ^aวิภา
999 ^a ใช้งานได้ทุกระบบ
รายการนี้ยังไม่มีแท็ก
คุณยังไม่ได้ล็อกอิน คุณสามารถมีกิจกรรมร่วมกับเว็บไซต์ได้ แต่ต้องล็อกอินก่อน ::
  ล็อกอิน

รายการสื่อสารสนเทศ

ลำดับที่ ประเภท เลขเรียก/บาร์โค้ด สถานที่ สถานะ
1. วิทยาศาสตร์การแพทย์ และสุขภาพ
วิทยาศาสตร์การแพทย์ และสุขภาพ
WW100 ต367  
  Barcode: 24732
ห้องสมุดวิทยาเขตสวรรค์ประชารักษ์
►ส่วนจัดเก็บหนังสือเก่า สปร
บนชั้น
  ขอยืม
2. วิทยาศาสตร์การแพทย์ และสุขภาพ
วิทยาศาสตร์การแพทย์ และสุขภาพ
WW100 ต367 ฉ.2 
  Barcode: 24027
ห้องสมุดวิทยาเขตสวรรค์ประชารักษ์
►ส่วนจัดเก็บหนังสือเก่า สปร
บนชั้น
  ขอยืม

รายการใกล้เคียง
    หัวเรื่อง [Ophthalmology]
    หัวเรื่อง [จักษุวิทยา]

BibComment


ยังไม่เคยถูกคอมเมนท์

คอมเมนท์ทรัพยากรรายการนี้
  คอมเมนท์: ตำราจักษุวิทยา ..


 Copyright 2026. Bcnsprnw @Library